000
00271nam a2200097Ia 4500
008
220204s9999 xx 000 0 und d
082
_a
331:631.96
_b
ILO
245
0
_a
Committee work on planatations fourth session report I and II
260
_a
Geneva
_b
ILO
_c
1961
942
_c
BK
999
_c
20079
_d
20079